Catálogo público

Grazing management / (Record no. 218591)

MARC details
000 -CABECERA
campo de control de longitud fija 02656nam a2200349 a 4500
003 - IDENTIFICADOR DEL NÚMERO DE CONTROL
campo de control CHAP
005 - FECHA Y HORA DE LA ÚLTIMA TRANSACCIÓN
campo de control 20250203101958.0
007 - CAMPO FIJO DE DESCRIPCIÓN FÍSICA--INFORMACIÓN GENERAL
campo de control de longitud fija ta
008 - DATOS DE LONGITUD FIJA--INFORMACIÓN GENERAL
campo de control de longitud fija 230331t2001 cauad||fr|||| 001 0 eng d
020 ## - NÚMERO INTERNACIONAL ESTÁNDAR DEL LIBRO
Número Internacional Estándar del Libro 0-12-710001-6
040 ## - FUENTE DE LA CATALOGACIÓN
Centro catalogador/agencia de origen Z
Centro/agencia transcriptor CHAP
Normas de descripción rda
041 0# - CÓDIGO DE LENGUA
Código de lengua del sumario o resumen Inglés
Código de lengua de la tabla de contenido Inglés
082 00 - NÚMERO DE LA CLASIFICACIÓN DECIMAL DEWEY
Número de clasificación 633.202
Número de documento/Ítem V35 2001
Número de edición 20
Agencia que asigna Z
100 1# - ENTRADA PRINCIPAL--NOMBRE DE PERSONA
Nombre de persona Vallentine, John F.
9 (RLIN) 117649
Término indicativo de función/relación autor
245 10 - MENCIÓN DE TÍTULO
Título Grazing management /
Mención de responsabilidad, etc. John F. Vallentine
250 ## - MENCIÓN DE EDICIÓN
Mención de edición Segunda edición
264 #1 - PRODUCCIÓN, PUBLICACIÓN, DISTRIBUCIÓN, FABRICACIÓN Y COPYRIGHT
Producción, publicación, distribución, fabricación y copyright San Diego, California :
Nombre del de productor, editor, distribuidor, fabricante Academic Press,
Fecha de producción, publicación, distribución, fabricación o copyright ©2001
300 ## - DESCRIPCIÓN FÍSICA
Extensión xii, 659 páginas :
Otras características físicas ilustraciones, gráficas, tablas
336 ## - TIPO DE CONTENIDO
Fuente rdacontent
Término de tipo de contenido texto
Código de tipo de contenido txt
337 ## - TIPO DE MEDIO
Fuente rdamedia
Nombre/término del tipo de medio sin medio
Código del tipo de medio n
338 ## - TIPO DE SOPORTE
Fuente rdacarrier
Nombre/término del tipo de soporte volumen
Código del tipo de soporte nc
500 ## - NOTA GENERAL
Nota general ej.1: C/E - 41
504 ## - NOTA DE BIBLIOGRAFÍA, ETC.
Nota de bibliografía, etc. Bibliografías: páginas 579 - 650
505 0# - NOTA DE CONTENIDO CON FORMATO
Nota de contenido con formato Prefase -- 1. Introducción to grazing -- 2. Grazing herbivore nutrition -- 3. Animal nutrition balance -- 4. Grazing seasons and seasonal balance -- 5. Grazing effects on plants and soil -- 6. Grazing activities / behavior -- 7. Spatial patterns in grazing -- 8. Manipulating grazing distribution -- 9. Plant selecction in grazing -- 10. Kind and mix of grazing animals -- 11. Grazing animal intake and equivalence -- 12. Grazing capacity inventory -- 13. Grazing intensity -- 14. Grazing methods -- 15. Grazing systems -- 16. Grazing as an environmental tool
520 ## - SUMARIO, ETC.
Sumario, etc. Grazing animals need to be managed in order to accommodate desired results in terms of animal, plant, land and economic responses. Grazing Management, Second Edition integrates principles and management techniques that apply to all grazing lands and to all grazing animals. This comprehensive volume provides authoritative review on a wide range of relevant topics: animal nutrition and nutritional balance when fed on different sorts of grazing lands; seasonal variation and limits placed on ecosystems by grazing; the effects of grazing on grazing lands; the various sorts of grazing behaviors; selecting plants and managing grazing lands, as well as many other important topics bearing upon the methods, practises and procedures for properly managing grazing lands and animals. Animal nutrition and nutritional balance when fed on different sorts of grazing landsSeasonal variation and limits placed on ecosystems by grazingThe effects of grazing on grazing landsThe various sorts of grazing behavioursSelecting plants and managing grazing lands.
534 ## - NOTA SOBRE LA VERSIÓN ORIGINAL
Frase introductoria Título original:
650 13 - PUNTO DE ACCESO ADICIONAL DE MATERIA--TÉRMINO DE MATERIA
Término de materia o nombre geográfico como elemento de entrada Manejo de pastoreo
9 (RLIN) 142596
650 17 - PUNTO DE ACCESO ADICIONAL DE MATERIA--TÉRMINO DE MATERIA
Término de materia o nombre geográfico como elemento de entrada Pastos forrajeros
9 (RLIN) 86094
650 13 - PUNTO DE ACCESO ADICIONAL DE MATERIA--TÉRMINO DE MATERIA
Término de materia o nombre geográfico como elemento de entrada Tierras de pasto
9 (RLIN) 189661
650 13 - PUNTO DE ACCESO ADICIONAL DE MATERIA--TÉRMINO DE MATERIA
Término de materia o nombre geográfico como elemento de entrada Efectos del pastoreo
9 (RLIN) 190035
942 ## - ELEMENTOS DE PUNTO DE ACCESO ADICIONAL (KOHA)
Tipo de ítem Koha Libro
Fuente del sistema de clasificación o colocación Dewey Decimal Classification
Holdings
Estado de retiro Estado de pérdida Fuente del sistema de clasificación o colocación Estado dañado Restricciones de uso No para préstamo Código de colección Localización permanente Ubicación/localización actual Fecha de adquisición Fuente de adquisición Número de inventario Total de préstamos Signatura topográfica completa Código de barras Fecha visto por última vez Número de copia Precio válido a partir de Tipo de ítem Koha
    Dewey Decimal Classification   Préstamo interno   General Zootecnia Zootecnia 09/10/2019 Compra Libreria UACh No. 38370 C/E   633.202 V35 2001 5102007530 03/02/2025 Ej.1 03/02/2025 Libro